| 000 | 01574nam a2200385 c 4500 | ||
|---|---|---|---|
| 003 | BLK | ||
| 005 | 20240203125355.0 | ||
| 008 | 180411b bul|||||r ||||||| ||bul|| | ||
| 010 | _aKNG00184337000 | ||
| 020 |
_a978-954-660-614-3 _bиздат.: ПАН |
||
| 040 | _aBLK | ||
| 041 |
_aBUL _cBUL |
||
| 072 | 7 |
_2bullib _aН85 _xДетска художествена литература Н |
|
| 080 |
_aАмериканска литература (на САЩ) _b821.111(73) _x-93-32 _z821.111(73)-93-32 |
||
| 100 | 1 |
_aСаймън, Франческа _eпърви автор _9340287 |
|
| 700 | 1 |
_aРос, Тони _eил. _9383259 |
|
| 700 | 1 |
_aПискулийска, Юлия Йорданова _9298327 |
|
| 139 |
_aСаймън, Франческа _bС 13 |
||
| 245 | 1 | 0 |
_aУжасния Хенри забогатява бързо _cФранческа Саймън; ил. Тони Рос; прев. Юлия Йорданова Пискулийска. |
| 257 | _aUSA | ||
| 260 |
_аСофия _bПАН _c2015 _fСофия : Инвестпрес |
||
| 300 |
_a95 с. _c20 см |
||
| 380 | _aDX | ||
| 500 | _aОриг. загл. Horrid Henry Gets Rich Quick / Francesca Simon. | ||
| 653 | _aповести | ||
| 653 | _aлитература за деца | ||
| 653 | _aдетска литература | ||
| 659 | _aН | ||
| 852 | _aЦб 277773 | ||
| 856 | 4 |
_qpdf _u |
|
| 856 | 4 |
_qpdf _u |
|
| 942 |
_cKNG _n0 _010 |
||
| 944 |
_aCR _c30.10.2015 _lГрета Цуфелде _k30537 |
||
| 944 |
_aED _c13.10.2017 _lф / _kПенка_Димитрова |
||
| 999 |
_c175743 _d175743 |
||